[Event "4NCL Division 2b"]
[Site "Daventry, ENG"]
[Date "2020.03.01"]
[Round "2.53"]
[White "Modi, Kishan Jagdish"]
[Black "Rose, Matthew"]
[Result "0-1"]
[WhiteElo "2117"]
[BlackElo "2254"]
[PlyCount "86"]
[EventDate "2020.03.01"]
[WhiteTeam "Grantham Sharks 2"]
[BlackTeam "Oxford 1"]

1. e4 c5 2. b3 Nc6 3. Bb2 Nf6 4. Nc3 e6 5. Nf3 Be7 6. h3 O-O 7. e5 Nd5 8. Nxd5
exd5 9. d4 cxd4 10. Bd3 Bb4+ 11. Kf1 Re8 12. Nxd4 d6 13. a3 Nxd4 14. axb4 dxe5
15. Bxd4 exd4 16. Qh5 g6 17. Qh6 Re5 18. Qf4 Qe7 19. Qxd4 Qf6 20. c3 Bf5 21.
Bxf5 Qxf5 22. Kg1 Re4 23. Qd2 Rae8 24. Rxa7 d4 25. Ra5 Qf6 26. Rc5 Qd6 27. g3
d3 28. Kg2 b6 29. Rc4 Rxc4 30. bxc4 Qc6+ 31. Kh2 Qxc4 32. Rd1 Rd8 33. h4 h5 34.
Qe3 Qxc3 35. Qxb6 Rd4 36. Qc5 Qb2 37. Rd2 Rxh4+ 38. gxh4 Qxd2 39. Qd4 Qe2 40.
Qd8+ Kh7 41. Qf6 Qe6 42. Qd4 Qg4 43. Qf6 Qd7 0-1

[Event "4NCL Division 2b"]
[Site "Daventry, ENG"]
[Date "2020.03.01"]
[Round "2.54"]
[White "Hansen, Hans-Peter"]
[Black "Modi, Shyam Jagdish"]
[Result "0-1"]
[WhiteElo "2160"]
[BlackElo "2073"]
[PlyCount "120"]
[EventDate "2020.03.01"]
[WhiteTeam "Oxford 1"]
[BlackTeam "Grantham Sharks 2"]

1. c4 g6 2. g3 Bg7 3. Bg2 Nf6 4. Nc3 O-O 5. e4 d6 6. Nge2 c5 7. O-O Nc6 8. d3
Ne8 9. Be3 Nc7 10. d4 cxd4 11. Nxd4 Ne6 12. Nde2 Nc5 13. b3 f5 14. exf5 Bxf5
15. Qd2 Qd7 16. Bh6 Bh3 17. Bxg7 Kxg7 18. Nd4 Bxg2 19. Kxg2 Qg4 20. f4 Kg8 21.
Rae1 Rae8 22. Nf3 Qd7 23. Ne4 Ne6 24. b4 Ng7 25. b5 Nd8 26. a4 Qc8 27. Qd5+ Kh8
28. c5 Rf5 29. Qb3 dxc5 30. Ne5 Rff8 31. Rd1 Nde6 32. Rd7 Nd4 33. Qd5 Ngf5 34.
Nc4 Nd6 35. Ncxd6 exd6 36. Nxc5 Qxc5 37. Qxb7 Re2+ 38. Rf2 Rxf2+ 39. Kxf2 Qh5
40. Kg2 Qe2+ 41. Kh3 Qh5+ 42. Kg2 Re8 43. Re7 Rxe7 44. Qxe7 Qe2+ 45. Qxe2 Nxe2
46. a5 Nd4 47. b6 axb6 48. axb6 Nc6 49. Kf3 d5 50. g4 Kg7 51. Ke3 Kf6 52. Kd3
Ke6 53. Ke3 Kd6 54. h4 h5 55. f5 gxf5 56. gxh5 Ke7 57. Kf4 d4 58. h6 Kf7 59. h5
Kg8 60. b7 Kh7 0-1

[Event "4NCL Division 2b"]
[Site "Daventry, ENG"]
[Date "2020.03.01"]
[Round "2.55"]
[White "Birtwistle, Nigel"]
[Black "Mihov, Filip"]
[Result "1-0"]
[WhiteElo "2114"]
[BlackElo "2213"]
[PlyCount "71"]
[EventDate "2020.03.01"]
[WhiteTeam "Grantham Sharks 2"]
[BlackTeam "Oxford 1"]

1. e4 e6 2. d4 d5 3. Nc3 dxe4 4. Nxe4 Bd7 5. Nf3 Bc6 6. Bd3 Nd7 7. O-O Ngf6 8.
Ng3 Be7 9. c4 Bxf3 10. Qxf3 c6 11. b3 O-O 12. Bb2 Qb6 13. Rad1 a5 14. a3 Rfe8
15. Rfe1 Rad8 16. Bc2 Qa6 17. Bd3 Qb6 18. Re3 Nf8 19. h4 Rd7 20. h5 h6 21. Rde1
N6h7 22. Bxh7+ Nxh7 23. Ne4 Ng5 24. Qg3 Nxe4 25. Rxe4 Bf6 26. Rg4 Qd8 27. Qe3
Kh8 28. Bc3 Qe7 29. a4 b6 30. Qf3 Rc8 31. Qg3 Rcd8 32. d5 exd5 33. cxd5 Rxd5
34. Rxg7 Rxh5 35. Rg4 Rc5 36. Qh4 1-0

[Event "4NCL Division 2b"]
[Site "Daventry, ENG"]
[Date "2020.03.01"]
[Round "2.56"]
[White "Fu, Yuting"]
[Black "Varnam, Liam D"]
[Result "0-1"]
[WhiteElo "1982"]
[BlackElo "2085"]
[PlyCount "118"]
[EventDate "2020.03.01"]
[WhiteTeam "Oxford 1"]
[BlackTeam "Grantham Sharks 2"]

1. d4 d5 2. c4 dxc4 3. e3 e6 4. Bxc4 Nf6 5. Nf3 c5 6. O-O a6 7. a4 Nc6 8. Nc3
cxd4 9. exd4 Be7 10. d5 exd5 11. Nxd5 Nxd5 12. Bxd5 O-O 13. Qb3 Qd6 14. Rd1 Qb4
15. Be3 Qxb3 16. Bxb3 Bg4 17. h3 Bf5 18. Rac1 Rad8 19. Bb6 Rxd1+ 20. Rxd1 Rc8
21. Bd5 Nb4 22. Bb3 Nd3 23. Bd4 Nc5 24. Bd5 b6 25. Ne5 Be6 26. Bxe6 fxe6 27.
Bxc5 Rxc5 28. Nd7 Rc2 29. b3 Rb2 30. Rd3 b5 31. axb5 axb5 32. Re3 Bd6 33. g3
Kf7 34. Rf3+ Ke8 35. Nb6 Bc7 36. Re3 Kf7 37. Nd7 Ke7 38. Nc5 e5 39. Ne4 h6 40.
Kg2 Bb6 41. Rd3 Bd4 42. g4 Ke6 43. Kg3 Kd5 44. f3 b4 45. g5 hxg5 46. Kg4 Rc2
47. Kxg5 Rc3 48. Nxc3+ bxc3 49. Rd1 c2 50. Re1 Kc5 51. Kf5 Kb4 52. h4 Bf2 53.
Rc1 Kxb3 54. h5 Be3 55. Rxc2 Kxc2 56. Kxe5 Kd3 57. f4 Ke2 58. Kf5 Kf3 59. h6
gxh6 0-1

[Event "4NCL Division 2b"]
[Site "Daventry, ENG"]
[Date "2020.03.01"]
[Round "2.57"]
[White "Milson, Samuel A"]
[Black "Pozimski, Szymon"]
[Result "1/2-1/2"]
[WhiteElo "2112"]
[BlackElo "2011"]
[PlyCount "109"]
[EventDate "2020.03.01"]
[WhiteTeam "Grantham Sharks 2"]
[BlackTeam "Oxford 1"]

1. e4 d5 2. exd5 Qxd5 3. Nf3 Bg4 4. Be2 Bxf3 5. Bxf3 Qe5+ 6. Be2 c5 7. O-O Nc6
8. Re1 Nf6 9. Bf3 Qc7 10. Nc3 Nd4 11. d3 e6 12. g3 Be7 13. Bg2 O-O 14. Bf4 Qd7
15. Ne4 Nc6 16. Be3 b6 17. Nxf6+ Bxf6 18. c3 Rac8 19. Qa4 Rfd8 20. f4 Na5 21.
Qxd7 Rxd7 22. Rad1 Rcd8 23. Bf1 Nc6 24. Rd2 Ne7 25. Bf2 g5 26. fxg5 Bxg5 27.
Be3 Bxe3+ 28. Rxe3 Nf5 29. Re4 Ne7 30. Rf2 Ng6 31. h4 Rd5 32. Be2 Re5 33. Ra4
Rd7 34. h5 Ne7 35. Rg4+ Kf8 36. Rgf4 Rf5 37. Rxf5 Nxf5 38. Kg2 Ke7 39. Kf3 h6
40. g4 Nd6 41. Ke3 f6 42. Bf3 Nf7 43. Be2 Rd5 44. Rf4 Ne5 45. Ra4 Rd7 46. d4
cxd4+ 47. cxd4 Nf7 48. Rc4 Kd6 49. Rc8 Rd8 50. Rxd8+ Nxd8 51. Ke4 Nf7 52. Bc4
Ke7 53. Kf4 Nd6 54. Bd3 Kf7 55. b3 1/2-1/2

[Event "4NCL Division 2b"]
[Site "Daventry, ENG"]
[Date "2020.03.01"]
[Round "2.58"]
[White "Zakarian, Dimitrios Levon"]
[Black "Cumbers, Paul"]
[Result "0-1"]
[WhiteElo "1877"]
[BlackElo "2102"]
[PlyCount "92"]
[EventDate "2020.03.01"]
[WhiteTeam "Oxford 1"]
[BlackTeam "Grantham Sharks 2"]

1. d4 Nf6 2. Nf3 c5 3. d5 d6 4. c4 e6 5. Nc3 exd5 6. cxd5 g6 7. Qa4+ Nbd7 8.
Bf4 a6 9. e3 Rb8 10. Ne4 b5 11. Qc2 Nxe4 12. Qxe4+ Qe7 13. Qxe7+ Kxe7 14. Bd3
Bg7 15. O-O-O Rb6 16. Rhe1 Re8 17. e4 Kf8 18. Bc2 a5 19. Re3 Bb7 20. Rde1 c4
21. R3e2 c3 22. bxc3 Bxc3 23. Bd2 Bxd2+ 24. Kxd2 Rc8 25. Rc1 b4 26. Nd4 Nc5 27.
Nb3 Ba6 28. Ree1 Nb7 29. Bd3 Rxc1 30. Rxc1 Bxd3 31. Kxd3 a4 32. Rc6 axb3 33.
axb3 Rxc6 34. dxc6 Nc5+ 35. Kc4 Ke7 36. e5 Ne6 37. Kxb4 d5 38. Kc3 Kd8 39. b4
Kc7 40. b5 Kb6 41. Kb4 Nc7 42. f4 h5 43. g3 Nxb5 44. h3 Kxc6 45. g4 hxg4 46.
hxg4 Nd4 0-1

[Event "4NCL Division 2b"]
[Site "Daventry, ENG"]
[Date "2020.03.01"]
[Round "2.61"]
[White "Gourlay, Iain"]
[Black "Stoyanov, Viktor"]
[Result "1/2-1/2"]
[WhiteElo "2343"]
[BlackElo "2228"]
[PlyCount "68"]
[EventDate "2020.03.01"]
[WhiteTeam "Alba"]
[BlackTeam "Guildford 3"]

1. c4 e6 2. g3 d5 3. Bg2 Nf6 4. Nf3 dxc4 5. Qa4+ Nbd7 6. O-O a6 7. Qxc4 b5 8.
Qb3 Bb7 9. Nc3 Bd6 10. d3 O-O 11. a4 Rb8 12. axb5 axb5 13. e4 b4 14. Nb1 Ra8
15. Rxa8 Qxa8 16. Nbd2 Rd8 17. Qc2 c5 18. b3 Bf8 19. Bb2 Ne8 20. Nc4 Qc8 21.
Ra1 Nd6 22. Nxd6 Bxd6 23. Qc4 Qc7 24. Qb5 Bc6 25. Qa5 Qxa5 26. Rxa5 Ra8 27.
Rxa8+ Bxa8 28. Kf1 f6 29. Ke2 Kf7 30. Ke3 e5 31. Bh3 Bc6 32. Nd2 Nb6 33. Nc4
Nxc4+ 34. dxc4 Ke7 1/2-1/2

[Event "4NCL Division 2b"]
[Site "Daventry, ENG"]
[Date "2020.03.01"]
[Round "2.62"]
[White "Osborne, Marcus E"]
[Black "Berry, Neil"]
[Result "1-0"]
[WhiteElo "2114"]
[BlackElo "2258"]
[PlyCount "85"]
[EventDate "2020.03.01"]
[WhiteTeam "Guildford 3"]
[BlackTeam "Alba"]

1. c4 e6 2. g3 Nf6 3. Bg2 d5 4. d4 dxc4 5. Qa4+ Bd7 6. Qxc4 Bc6 7. f3 a6 8. Be3
Nbd7 9. Nc3 Bd5 10. Qa4 b5 11. Qc2 Bb7 12. Nh3 c5 13. O-O Rc8 14. dxc5 Bxc5 15.
Bxc5 Rxc5 16. Qd2 O-O 17. Nf4 Qc8 18. Nd3 Rc7 19. a4 bxa4 20. Rxa4 Nb6 21. Rb4
Nfd5 22. Rg4 Nc4 23. Rxg7+ Kxg7 24. Qg5+ Kh8 25. Nxd5 f6 26. Nxf6 Qd8 27. Ne4
Qd4+ 28. Nef2 Ne3 29. Ra1 Rf5 30. Qh6 Rf6 31. Qg5 Rf5 32. Qh6 Nxg2 33. Kxg2 Rf6
34. Qh5 Qe3 35. Qe8+ Kg7 36. Qd8 Rcf7 37. Nf4 Rxf4 38. gxf4 Qxf4 39. Rg1 Kh6
40. Kh1 Kh5 41. Qe8 Qf6 42. Qg8 Qf5 43. Rg3 1-0

[Event "4NCL Division 2b"]
[Site "Daventry, ENG"]
[Date "2020.03.01"]
[Round "2.63"]
[White "Shafi, Declan"]
[Black "Price, Gwilym"]
[Result "1/2-1/2"]
[WhiteElo "2151"]
[BlackElo "2111"]
[PlyCount "51"]
[EventDate "2020.03.01"]
[WhiteTeam "Alba"]
[BlackTeam "Guildford 3"]

1. d4 Nf6 2. c4 g6 3. g3 Bg7 4. Bg2 O-O 5. Nc3 d6 6. Nf3 Nbd7 7. O-O e5 8. e4
a6 9. h3 b5 10. Re1 bxc4 11. dxe5 Nxe5 12. Nxe5 dxe5 13. Qa4 Be6 14. Bg5 Qd7
15. Bxf6 Qxa4 16. Nxa4 Bxf6 17. Nc5 Be7 18. Nxe6 fxe6 19. Rac1 c3 20. bxc3 Bc5
21. Rc2 Kf7 22. Bf1 a5 23. Rb1 Rab8 24. Rcb2 Rb6 25. Kg2 Ke7 26. Bd3 1/2-1/2

[Event "4NCL Division 2b"]
[Site "Daventry, ENG"]
[Date "2020.03.01"]
[Round "2.64"]
[White "Orlovska, Madara"]
[Black "Koehn, Lennart"]
[Result "1/2-1/2"]
[WhiteElo "2072"]
[BlackElo "2108"]
[PlyCount "82"]
[EventDate "2020.03.01"]
[WhiteTeam "Guildford 3"]
[BlackTeam "Alba"]

1. e4 c5 2. Nf3 Nf6 3. Nc3 d5 4. e5 d4 5. exf6 dxc3 6. fxg7 cxd2+ 7. Qxd2 Qxd2+
8. Bxd2 Bxg7 9. O-O-O Nc6 10. Be3 b6 11. Bb5 Bb7 12. Rhe1 a6 13. Bc4 Na5 14.
Bf1 e6 15. Rd6 Nc6 16. Red1 Rd8 17. Rxd8+ Nxd8 18. b4 cxb4 19. Bxb6 Nc6 20. Nd4
Nxd4 21. Bxd4 O-O 22. Bxg7 Kxg7 23. Rd7 Bd5 24. Rc7 Bxa2 25. Bxa6 Bd5 26. Bb7
Rd8 27. Bxd5 Rxd5 28. Rc4 Rf5 29. f3 Rh5 30. h3 Rb5 31. Kb2 f5 32. f4 Kf6 33.
Kb3 Rb7 34. g4 fxg4 35. hxg4 Rg7 36. g5+ Kf5 37. Rxb4 e5 38. fxe5 Rxg5 39. Rh4
h5 40. c4 Kxe5 41. Kc3 Kd6 1/2-1/2

[Event "4NCL Division 2b"]
[Site "Daventry, ENG"]
[Date "2020.03.01"]
[Round "2.65"]
[White "Findlay, David John"]
[Black "Punnett, Alan K"]
[Result "1-0"]
[WhiteElo "2170"]
[BlackElo "2026"]
[PlyCount "85"]
[EventDate "2020.03.01"]
[WhiteTeam "Alba"]
[BlackTeam "Guildford 3"]

1. e4 e6 2. d4 d5 3. Nc3 Nf6 4. e5 Nfd7 5. Nf3 c5 6. dxc5 Bxc5 7. Bd3 Nc6 8.
Qe2 Nd4 9. Nxd4 Bxd4 10. Bf4 Bxc3+ 11. bxc3 Nc5 12. Qg4 Nxd3+ 13. cxd3 Rg8 14.
O-O Bd7 15. c4 Bc6 16. Bg5 Qd7 17. Rfe1 h6 18. Bxh6 O-O-O 19. Be3 d4 20. Bd2 f5
21. Qg6 Rh8 22. a4 Rh4 23. h3 f4 24. Qg5 Rdh8 25. Bxf4 Qf7 26. Bh2 Rxh3 27.
gxh3 Qf3 28. Re4 Qxd3 29. Rf4 Qxh3 30. Qg3 Qh5 31. Rxd4 Rf8 32. Rf4 Rd8 33. Qg4
Qxe5 34. Rd1 Rxd1+ 35. Qxd1 Qc5 36. Qg4 Qb4 37. Qxe6+ Kc7 38. Rd4+ Kb6 39. Qe3
Ka6 40. Rd1 Qb2 41. a5 Qf6 42. Bg3 Qf5 43. f3 1-0

[Event "4NCL Division 2b"]
[Site "Daventry, ENG"]
[Date "2020.03.01"]
[Round "2.66"]
[White "Shepley, Julien M"]
[Black "White, Stuart A"]
[Result "1/2-1/2"]
[WhiteElo "1911"]
[BlackElo "2064"]
[PlyCount "98"]
[EventDate "2020.03.01"]
[WhiteTeam "Guildford 3"]
[BlackTeam "Alba"]

1. e4 c5 2. Nf3 Nc6 3. d4 cxd4 4. Nxd4 Nf6 5. Nc3 e5 6. Ndb5 d6 7. Nd5 Nxd5 8.
exd5 Nb8 9. c4 Be7 10. Be2 O-O 11. O-O a6 12. Nc3 f5 13. Bd2 Nd7 14. b4 Nf6 15.
Rc1 f4 16. Bf3 g5 17. Ne4 Nxe4 18. Bxe4 g4 19. c5 Qe8 20. cxd6 Bxd6 21. Qe2 Qh5
22. Rc3 Qh4 23. Rfc1 Bd7 24. g3 Qh5 25. f3 Rf6 26. fxg4 Bxg4 27. Bf3 Bxf3 28.
Rxf3 Qf7 29. Qe4 Rf8 30. gxf4 exf4 31. Kh1 Rg6 32. Rcf1 Qf5 33. Qxf5 Rxf5 34.
Rd3 Rgg5 35. Rg1 Kf7 36. Rxg5 Rxg5 37. Rd4 Rg4 38. Re4 Rg5 39. Rd4 Rf5 40. Kg2
f3+ 41. Kf1 h5 42. h4 Ke7 43. Bg5+ Kd7 44. Be3 Bg3 45. Bf2 Be5 46. Rd3 Bd6 47.
Rd4 Bf4 48. Rd3 Be5 49. a3 Bd6 1/2-1/2

[Event "4NCL Division 2b"]
[Site "Daventry, ENG"]
[Date "2020.03.01"]
[Round "2.67"]
[White "Ridge, Benjamin"]
[Black "Stimpson, Philip M"]
[Result "0-1"]
[WhiteElo "1766"]
[BlackElo "1953"]
[PlyCount "152"]
[EventDate "2020.03.01"]
[WhiteTeam "Alba"]
[BlackTeam "Guildford 3"]

1. c4 e5 2. Nc3 Bb4 3. Nd5 Bc5 4. Nf3 e4 5. d4 Bf8 6. Ng5 c6 7. Nc3 d5 8. Qb3
h6 9. Nh3 dxc4 10. Qxc4 Be6 11. Qa4 Nf6 12. Nf4 Bf5 13. e3 Nbd7 14. Qb3 Qb6 15.
Bc4 Qxb3 16. Bxb3 Nb6 17. Bd2 Bd6 18. Nfe2 O-O 19. Ng3 Bg6 20. f4 exf3 21. gxf3
Rad8 22. Rc1 Rfe8 23. e4 Bxg3+ 24. hxg3 Rxd4 25. Be3 Rdd8 26. Na4 Nxa4 27. Bxa4
Nxe4 28. fxe4 Rxe4 29. Kf2 Rxa4 30. a3 Re4 31. Rhd1 Rde8 32. Re1 a6 33. Bb6
Rxe1 34. Rxe1 Rxe1 35. Kxe1 Kf8 36. Bc5+ Ke8 37. Kd2 h5 38. Ke3 Bf5 39. Kf4 g6
40. Ke5 Kd7 41. Kf6 Be6 42. a4 a5 43. Bb6 Kd6 44. Bxa5 b5 45. axb5 cxb5 46. b4
Kd5 47. Bb6 Ke4 48. Kg5 Kf3 49. Bc7 Bf5 50. Kf6 Kg4 51. Kxf7 g5 52. Kf6 h4 53.
gxh4 gxh4 54. Bh2 Bc2 55. Ke5 Kh3 56. Bf4 Kg2 57. Kd4 h3 58. Kc5 Bd3 59. Kd4
Bc4 60. Ke3 h2 61. Bxh2 Kxh2 62. Kf2 Kh3 63. Kf3 Kh2 64. Kf2 Kh1 65. Ke1 Kg2
66. Kd2 Kf3 67. Kc3 Ke3 68. Kc2 Kd4 69. Kb2 Kd3 70. Ka3 Be6 71. Kb2 Kc4 72. Ka3
Bf5 73. Kb2 Kxb4 74. Ka1 Kc3 75. Ka2 b4 76. Ka1 Kc2 0-1

[Event "4NCL Division 2b"]
[Site "Daventry, ENG"]
[Date "2020.03.01"]
[Round "2.71"]
[White "Polaczek, Richard"]
[Black "Cherniaev, Alexander"]
[Result "1/2-1/2"]
[WhiteElo "2366"]
[BlackElo "2429"]
[PlyCount "82"]
[EventDate "2020.03.01"]
[WhiteTeam "Manchester Manticores 1"]
[BlackTeam "Barnet Knights 1"]

1. d4 Nf6 2. Nf3 d6 3. g3 g6 4. Bg2 Bg7 5. O-O O-O 6. Nc3 Nbd7 7. e4 e5 8. h3
Re8 9. Re1 c6 10. a4 Qc7 11. Be3 b6 12. Qd2 a6 13. Bh6 Bb7 14. Rad1 b5 15. Bxg7
Kxg7 16. dxe5 dxe5 17. Nh4 h6 18. axb5 axb5 19. Ra1 Qb6 20. Rxa8 Rxa8 21. Kh2
Qc5 22. Nd1 Qd4 23. Qc1 Nc5 24. Ne3 Bc8 25. Rd1 Qa4 26. Rd6 Ncxe4 27. Rxc6 Be6
28. Nf3 Nxf2 29. Nxe5 Qd4 30. Rxe6 fxe6 31. Bxa8 Qxe5 32. Kg2 N2e4 33. Nf1 Qc5
34. Ne3 Qe5 35. Nf1 Qc5 36. Ne3 Nd5 37. Bxd5 exd5 38. b4 Qxb4 39. Qa1+ Nc3 40.
Qa7+ Kg8 41. Qb8+ Kf7 1/2-1/2

[Event "4NCL Division 2b"]
[Site "Daventry, ENG"]
[Date "2020.03.01"]
[Round "2.72"]
[White "Brozel, Sacha"]
[Black "Jayawarna, Nugith"]
[Result "0-1"]
[WhiteElo "2357"]
[BlackElo "2192"]
[PlyCount "48"]
[EventDate "2020.03.01"]
[WhiteTeam "Barnet Knights 1"]
[BlackTeam "Manchester Manticores 1"]

1. d4 Nf6 2. c4 g6 3. g3 Bg7 4. Bg2 d6 5. Nc3 O-O 6. Nf3 Nc6 7. O-O Rb8 8. Qc2
a6 9. Rd1 Bd7 10. e4 Bg4 11. Be3 Nd7 12. h3 Bxf3 13. Bxf3 Qc8 14. d5 Nce5 15.
Be2 Nb6 16. c5 Nbc4 17. Bg5 Qxh3 18. b3 f6 19. Bf4 g5 20. Bc1 g4 21. Rd3 Nxd3
22. Qxd3 Ne5 23. Qe3 f5 24. Bd2 f4 0-1

[Event "4NCL Division 2b"]
[Site "Daventry, ENG"]
[Date "2020.03.01"]
[Round "2.73"]
[White "Hamer, Martyn"]
[Black "Rocco, Federico"]
[Result "0-1"]
[WhiteElo "2125"]
[BlackElo "2275"]
[PlyCount "106"]
[EventDate "2020.03.01"]
[WhiteTeam "Manchester Manticores 1"]
[BlackTeam "Barnet Knights 1"]

1. d4 Nf6 2. Nc3 d5 3. Bf4 e6 4. Nb5 Na6 5. a3 c6 6. Nc3 Bd6 7. e3 O-O 8. Nf3
b6 9. Ne5 Qc7 10. Bd3 Nb8 11. Bg3 Nbd7 12. f4 Ne8 13. Qh5 f5 14. O-O-O a6 15.
Be1 Nef6 16. Qf3 c5 17. g4 cxd4 18. exd4 Nxg4 19. Rg1 Ndf6 20. h3 Nh6 21. Rd2
Kh8 22. Rdg2 Rg8 23. Bh4 Bb7 24. Bxf6 gxf6 25. Qh5 Rxg2 26. Rxg2 Rg8 27. Qxh6
Rxg2 28. Qxf6+ Rg7 29. Qxe6 Bxe5 30. fxe5 Rg1+ 31. Kd2 Qd8 32. Qxf5 Qh4 33.
Qf8+ Rg8 34. Qf7 Qh6+ 35. Ke2 Bc6 36. Nd1 Be8 37. Qf2 Bh5+ 38. Ke1 Rf8 39. Qe3
Qg7 40. Be2 Qg2 41. Nc3 Bxe2 42. Nxe2 b5 43. e6 Qf1+ 44. Kd2 Qf5 45. Qe5+ Qxe5
46. dxe5 Rf5 47. Nf4 Rxe5 48. Kd3 Kg7 49. b3 Kf6 50. c4 bxc4+ 51. bxc4 dxc4+
52. Kd4 Kf5 53. Nh5 Kxe6 0-1

[Event "4NCL Division 2b"]
[Site "Daventry, ENG"]
[Date "2020.03.01"]
[Round "2.74"]
[White "Pollack, Oscar"]
[Black "Smith, Matt P"]
[Result "1/2-1/2"]
[WhiteElo "2207"]
[BlackElo "2095"]
[PlyCount "140"]
[EventDate "2020.03.01"]
[WhiteTeam "Barnet Knights 1"]
[BlackTeam "Manchester Manticores 1"]

1. d4 Nf6 2. c4 g6 3. Nf3 Bg7 4. Nc3 d5 5. g3 O-O 6. cxd5 Nxd5 7. Bg2 c5 8. Qb3
Be6 9. Ng5 Nf4 10. Nxe6 Nxg2+ 11. Kf1 fxe6 12. Qxe6+ Kh8 13. Kxg2 cxd4 14. Nd5
Rf5 15. Nf4 Nc6 16. h4 Rf6 17. Qe4 Qd7 18. Nd3 Qf5 19. Qxf5 gxf5 20. Bg5 Rd6
21. h5 Bh6 22. Bxh6 Rxh6 23. b4 a6 24. a4 b6 25. b5 axb5 26. axb5 Rxa1 27. Rxa1
Na5 28. Ne5 Re6 29. f4 Kg7 30. Kf3 Rd6 31. Rd1 Rd5 32. e4 fxe4+ 33. Kxe4 Rxb5
34. Rxd4 Nb3 35. Rd1 Nc5+ 36. Kf5 e6+ 37. Kg5 Rb3 38. Ra1 Ne4+ 39. Kh4 Rb2 40.
Ra7+ Kg8 41. Kg4 Rb3 42. h6 Rxg3+ 43. Kh4 Kf8 44. Rxh7 Rg1 45. Rh8+ Ke7 46.
Rh7+ Kf8 47. Kh3 Kg8 48. Rb7 Rh1+ 49. Kg2 Rxh6 50. Rxb6 Rf6 51. Kf3 Ng5+ 52.
Ke3 Nf7 53. Nd7 Rh6 54. Ke4 Rh1 55. Rxe6 Re1+ 56. Kf5 Rxe6 57. Kxe6 Nh6 58. Kf6
Ng4+ 59. Kg5 Ne3 60. Nf6+ Kf7 61. Ne4 Ke7 62. Ng3 Ng2 63. f5 Ne3 64. f6+ Kf7
65. Ne4 Nc4 66. Kf5 Ne3+ 67. Kg5 Ke6 68. Kg6 Ng4 69. Ng5+ Kd5 70. f7 Ne5+
1/2-1/2

[Event "4NCL Division 2b"]
[Site "Daventry, ENG"]
[Date "2020.03.01"]
[Round "2.75"]
[White "Mazek, Marek"]
[Black "Villiers, Thomas"]
[Result "0-1"]
[WhiteElo "2050"]
[BlackElo "2252"]
[PlyCount "142"]
[EventDate "2020.03.01"]
[WhiteTeam "Manchester Manticores 1"]
[BlackTeam "Barnet Knights 1"]

1. d4 Nf6 2. c4 c5 3. d5 e6 4. Nc3 exd5 5. cxd5 d6 6. Nf3 g6 7. Bf4 Bg7 8. Qa4+
Bd7 9. Qb3 Qc7 10. h3 O-O 11. e3 Na6 12. Be2 Rab8 13. O-O b5 14. Qd1 b4 15. Nb1
Bb5 16. Bh2 Bxe2 17. Qxe2 Rb6 18. Nbd2 Nb8 19. Nc4 Ra6 20. e4 Re8 21. e5 Qb7
22. Rad1 dxe5 23. d6 Nfd7 24. Nfxe5 Nc6 25. f4 f6 26. Qf3 fxe5 27. fxe5 Nd8 28.
Qb3 Ne6 29. Ne3 Nxe5 30. Bxe5 Bxe5 31. Ng4 Qg7 32. Qd5 Bd4+ 33. Kh1 Kh8 34.
Rde1 Qd7 35. Nh6 Bg7 36. Nf7+ Kg8 37. Rxe6 Rxe6 38. Qa8+ Re8 39. Qd5 Re6 40.
Qa8+ Qe8 41. Qd5 Bf6 42. d7 Qb8 43. Qxc5 Rac6 44. d8=Q+ Qxd8 45. Nxd8 Rxc5 46.
Nxe6 Rf5 47. Rxf5 gxf5 48. b3 Kf7 49. Nf4 Bd4 50. g3 Bc5 51. Kg2 Kf6 52. Kf3
Ke5 53. Nd3+ Kd4 54. Nxc5 Kxc5 55. Ke3 Kd5 56. h4 Ke5 57. Kd3 f4 58. g4 f3 59.
Ke3 f2 60. Kxf2 Kf4 61. h5 Kxg4 62. h6 Kg5 63. Ke3 Kxh6 64. Kd4 Kg5 65. Kc5 h5
66. Kxb4 h4 67. Ka5 h3 68. Ka6 h2 69. Kxa7 h1=Q 70. a4 Qb1 71. a5 Qxb3 0-1

[Event "4NCL Division 2b"]
[Site "Daventry, ENG"]
[Date "2020.03.01"]
[Round "2.76"]
[White "Willmoth, Robert F"]
[Black "Webster, Richard J"]
[Result "1-0"]
[WhiteElo "2207"]
[BlackElo "2027"]
[PlyCount "93"]
[EventDate "2020.03.01"]
[WhiteTeam "Barnet Knights 1"]
[BlackTeam "Manchester Manticores 1"]

1. d4 d5 2. c4 e6 3. Nf3 Nf6 4. g3 Be7 5. Bg2 O-O 6. O-O dxc4 7. Qc2 a6 8. Qxc4
b5 9. Qc2 Bb7 10. Nbd2 Nbd7 11. a4 c5 12. Nb3 Be4 13. Qd1 b4 14. a5 Rc8 15. Be3
Nd5 16. Bf4 Nxf4 17. gxf4 Qc7 18. e3 Rfd8 19. Qe2 Qb7 20. Rfc1 cxd4 21. Nbxd4
Nc5 22. Bf1 Bd3 23. Qd1 Bxf1 24. Qxf1 Bf6 25. Rc4 Ne4 26. Rac1 Rxc4 27. Qxc4
Nd6 28. Qb3 Nf5 29. Rc4 Bxd4 30. Nxd4 Nxd4 31. Rxd4 Rxd4 32. exd4 Qb5 33. Qc2
g6 34. Qc8+ Kg7 35. Qc7 Kf8 36. Qb6 Qc4 37. Kg2 b3 38. h3 h5 39. Qd6+ Ke8 40.
Qb6 Ke7 41. Kg3 Qd3+ 42. Kh4 f6 43. Qc7+ Ke8 44. Qd6 Qc4 45. f5 gxf5 46. Kxh5
Qe2+ 47. Kg6 1-0

[Event "4NCL Division 2b"]
[Site "Daventry, ENG"]
[Date "2020.03.01"]
[Round "2.77"]
[White "Lyth, John D"]
[Black "Smith, Andrew Philip"]
[Result "1-0"]
[WhiteElo "1997"]
[BlackElo "2260"]
[PlyCount "47"]
[EventDate "2020.03.01"]
[WhiteTeam "Manchester Manticores 1"]
[BlackTeam "Barnet Knights 1"]

1. d4 d6 2. e4 Nd7 3. Nf3 e5 4. Bc4 Qf6 5. O-O h6 6. Nc3 c6 7. a4 g5 8. dxe5
dxe5 9. Be3 Bd6 10. Qd2 Bc7 11. Rfd1 Ne7 12. b4 Ng6 13. b5 Nb6 14. Be2 Be6 15.
bxc6 bxc6 16. Bc5 Nf4 17. Ba6 Nxg2 18. Nb5 Bb8 19. Nd6+ Bxd6 20. Qxd6 Nd7 21.
Kxg2 Nxc5 22. Qxc5 Bh3+ 23. Kg1 Bg4 24. Bb7 1-0

[Event "4NCL Division 2b"]
[Site "Daventry, ENG"]
[Date "2020.03.01"]
[Round "2.78"]
[White "Stoica, Savas Marin"]
[Black "Collins, Richard A"]
[Result "1/2-1/2"]
[WhiteElo "1967"]
[BlackElo "1960"]
[PlyCount "63"]
[EventDate "2020.03.01"]
[WhiteTeam "Barnet Knights 1"]
[BlackTeam "Manchester Manticores 1"]

1. e4 e5 2. Nf3 Nc6 3. Bc4 Be7 4. O-O Nf6 5. d3 d6 6. c3 O-O 7. h3 Bd7 8. Bb3
h6 9. Nbd2 Nh7 10. d4 Kh8 11. dxe5 Nxe5 12. Nxe5 dxe5 13. Nc4 f6 14. Qe2 Qe8
15. Rd1 Bc5 16. Be3 Bxe3 17. Nxe3 Ng5 18. h4 Ne6 19. Bxe6 Bxe6 20. Rd2 Qe7 21.
Rad1 Rfd8 22. Nd5 Qf7 23. b3 c6 24. Ne3 Qe7 25. Nf5 Bxf5 26. exf5 Kg8 27. Qc4+
Kf8 28. a4 a6 29. a5 Rxd2 30. Rxd2 Rd8 31. Rxd8+ Qxd8 32. Qb4+ 1/2-1/2

[Event "4NCL Division 2b"]
[Site "Daventry, ENG"]
[Date "2020.03.01"]
[Round "2.81"]
[White "Harakis, Alexis M"]
[Black "Kwiatkowski, Feliks J"]
[Result "1/2-1/2"]
[WhiteElo "2267"]
[BlackElo "2216"]
[PlyCount "64"]
[EventDate "2020.03.01"]
[WhiteTeam "KJCA Kings"]
[BlackTeam "Kings Head"]

1. d4 Nf6 2. c4 g6 3. Nc3 d5 4. cxd5 Nxd5 5. e4 Nxc3 6. bxc3 Bg7 7. Nf3 c5 8.
Bb5+ Nc6 9. O-O O-O 10. Be3 Bg4 11. d5 Ne5 12. Rb1 Nxf3+ 13. gxf3 Bh3 14. Re1
Bxc3 15. Bf1 Bxf1 16. Rxf1 b6 17. f4 Qd7 18. f5 e6 19. Qb3 Bg7 20. dxe6 Qc6 21.
Qd5 Rac8 22. Rbd1 fxe6 23. fxe6 Rfe8 24. Qxc6 Rxc6 25. Rd7 Rcxe6 26. Rxa7 Rxe4
27. Rb1 R4e6 28. a4 Bd4 29. a5 bxa5 30. Rbb7 Bxe3 31. Rg7+ Kh8 32. Rxh7+ Kg8
1/2-1/2

[Event "4NCL Division 2b"]
[Site "Daventry, ENG"]
[Date "2020.03.01"]
[Round "2.82"]
[White "Kenworthy, Gary"]
[Black "Hand, Freddie"]
[Result "1/2-1/2"]
[WhiteElo "2263"]
[BlackElo "2188"]
[PlyCount "45"]
[EventDate "2020.03.01"]
[WhiteTeam "Kings Head"]
[BlackTeam "KJCA Kings"]

1. e4 e5 2. Nf3 Nc6 3. d4 exd4 4. c3 dxc3 5. Nxc3 Bc5 6. Bc4 d6 7. Qb3 Qd7 8.
Ng5 Ne5 9. Bb5 c6 10. f4 h6 11. fxe5 hxg5 12. Be2 dxe5 13. Bxg5 Ne7 14. Rd1 Bd4
15. Rf1 O-O 16. Rd3 Qd6 17. Rg3 Be6 18. Bc4 Bxc4 19. Qxc4 Bxc3+ 20. bxc3 Rad8
21. Kf2 Qe6 22. Qe2 f5 23. Kg1 1/2-1/2